Fundamental mathematics, (Record no. 543543)
[ view plain ]
| 000 -LEADER | |
|---|---|
| fixed length control field | 00452nam a22001577a 4500 |
| 082 ## - DEWEY DECIMAL CLASSIFICATION NUMBER | |
| Classification number | 510 |
| Author Mark | MAY |
| -- | L-2;P-12 |
| 100 1# - MAIN ENTRY--PERSONAL NAME | |
| Personal name | Kenneth O, May |
| 9 (RLIN) | 38939 |
| 245 10 - TITLE STATEMENT | |
| Title | Fundamental mathematics, |
| Statement of responsibility, etc. | May, Kenneth O |
| 250 ## - EDITION STATEMENT | |
| Edition statement | 1st ed. |
| 260 ## - PUBLICATION, DISTRIBUTION, ETC. | |
| Place of publication, distribution, etc. | Cambridge : |
| Name of publisher, distributor, etc. | Addion-Wesley Publishing Company, Inc |
| Date of publication, distribution, etc. | [1955] |
| 300 ## - PHYSICAL DESCRIPTION | |
| Extent | 343 p.: |
| Dimensions | 28 cm. |
| Other physical details | ill. : |
| 526 ## - STUDY PROGRAM INFORMATION NOTE | |
| Program name | 0 |
| Interest level | 0 |
| Reading level | 0 |
| Title point value | 510_000000000000000_MAY |
| 650 #0 - SUBJECT ADDED ENTRY--TOPICAL TERM | |
| Topical term or geographic name entry element | Mathematics |
| 650 #0 - SUBJECT ADDED ENTRY--TOPICAL TERM | |
| Topical term or geographic name entry element | MCE |
| 9 (RLIN) | 379 |
| 942 ## - ADDED ENTRY ELEMENTS (KOHA) | |
| Source of classification or shelving scheme | |
| Koha item type | Book |
| Withdrawn status | Lost status | Source of classification or shelving scheme | Damaged status | Not for loan | Permanent Location | Current Location | Date acquired | Total Checkouts | Full call number | Barcode | Date last seen | Price effective from | Koha item type |
|---|---|---|---|---|---|---|---|---|---|---|---|---|---|
| Military College of Engineering (MCE) | Military College of Engineering (MCE) | 03/26/2014 | 510 MAY | MCE-1562 | 03/26/2014 | 03/26/2014 | Book |
